000 00288nam a2200121Ia 4500
005 20251222141835.0
008 251222s9999||||xx |||||||||||||| ||spa||
082 _a922.2/R18
100 _aRainero, P. Angel
245 0 _aBeato José Marello
264 _bOblatos de San José
942 _cLIB
999 _c7232
_d7232